Most Populated City in Each State - Statistics

General Stats
  • This quiz has been taken 29 times
  • The average score is 43 of 50
Answer Stats
Hint Answer % Correct
Maryland Baltimore
100%
Massachusetts Boston
100%
Illinois Chicago
100%
Colorado Denver
100%
Michigan Detroit
100%
Hawaii Honolulu
100%
Mississippi Jackson
100%
Florida Jacksonville
100%
Nevada Las Vegas
100%
California Los Angeles
100%
New York New York City
100%
Pennsylvania Philadelphia
100%
Arizona Phoenix
100%
Washington Seattle
100%
Georgia Atlanta
96%
Texas Houston
96%
Tennessee Nashville
96%
Louisiana New Orleans
96%
Utah Salt Lake City
96%
Alaska Anchorage
92%
Indiana Indianapolis
92%
Minnesota Minneapolis
92%
Oklahoma Oklahoma City
92%
New Mexico Albuquerque
88%
Idaho Boise
88%
Ohio Columbus
88%
Arkansas Little Rock
88%
Maine Portland
88%
Oregon Portland
88%
South Carolina Charleston
83%
West Virginia Charleston
83%
North Carolina Charlotte
83%
Iowa Des Moines
83%
Missouri Kansas City
83%
Kentucky Louisville
83%
New Jersey Newark
83%
Nebraska Omaha
83%
Wyoming Cheyenne
79%
Wisconsin Milwaukee
79%
Virginia Virginia Beach
75%
Rhode Island Providence
71%
Montana Billings
67%
North Dakota Fargo
67%
Kansas Wichita
67%
Alabama Huntsville
63%
South Dakota Sioux Falls
63%
Delaware Wilmington
63%
Connecticut Bridgeport
54%
Vermont Burlington
54%
New Hampshire Manchester
42%
No matching quizzes found
Score Distribution
Percent of People with Each Score
Percentile by Number Answered
Your Score History
You have not taken this quiz